00579nam a2200205Ia 4500003000400000005001700004006001800021007000300039008004100042024001200083037001200095040002000107041001300127082002400140100002300164245004000187260002400227490011000251650001200361OSt20220918204816.0a|||||r|||| 00| 0ta220917b |||||||| |||| 00| 0 eng d a114,176 cTextual aARTScARTSbeng 2engaeng aV55:41:M13<-L86, H5 aShanahan William O 0aPrussian military reforms 1786-1813 aNAbNA c1945 aStudies in history economic and public law ed by Faculty of political science of Columbia university; 520 aHISTORY